000 01140nam a22002537a 4500
005 20170124103204.0
010 _aA-910824
020 _c175.00
035 _aA-910824
037 _bCen Lib/Ret
040 _aDPL
_bHN
082 _a401.702
_bसेठीह
100 _aसेठी, हरीश कुमार
_9279
245 _aपदनाम और संक्षिप्ताक्षर :
_cहरीश कुमार सेठी
_bहिंदी अनुवाद का सन्दर्भ /
246 _aPadnam aur sankiptakshar : hindi anuvad ka sandarbh /
_bby Hareesh Kumar Sethi
260 _aदिल्ली
_bसाहित्य भारती
_c1997
270 _bदिल्ली
_aके-72, कृष्ण नगर
_e110051
300 _a183पृ.
_c21सेमी(सजिल्द )
650 _aहिंदी -- भाषा
_x
_z
_993071
650 _aहिंदी अनुवाद सिद्धांत
_94281
650 _aHindi language
_99446
650 _aHindi translation theory
_993072
942 _2ddc
_cHN
_h401.702
_mसेठीह
999 _c120868
_d120868